000 00678nam a2200193Ia 4500
999 _c64121
_d64121
005 20240530110715.0
008 140319s2012 le a 000 0 ara d
017 _a2012/189
_bصنعاء . دار الكتب
020 _a9786144146446
040 _aGCL /
_cGCL
082 0 4 _221
_a953.2\
_bر ف
100 0 _aريم عبدالغنى
245 1 0 _aفى ظلال بلقيس /
_cريم عبدالغنى .
260 _aبيروت :
_bدار الفرابى ،
_c2016 .
300 _a249 ص ؛
_c22 سم
650 0 7 _2qrmak
_aبلقيس
_xتاريخ
651 0 7 _2qrmak
_aاليمن الجنوبى
_xتاريخ
_yالعصر الحديث
_xالاستقلال
942 _2ddc
_cBK